<?xml version="1.0" encoding="UTF-8"?>
<record
    xmlns:xsi="http://www.w3.org/2001/XMLSchema-instance"
    xsi:schemaLocation="http://www.loc.gov/MARC21/slim http://www.loc.gov/standards/marcxml/schema/MARC21slim.xsd"
    xmlns="http://www.loc.gov/MARC21/slim">

  <leader>00589nam a22001817a 4500</leader>
  <datafield tag="999" ind1=" " ind2=" ">
    <subfield code="c">172296</subfield>
    <subfield code="d">172296</subfield>
  </datafield>
  <controlfield tag="005">20200131120532.0</controlfield>
  <datafield tag="010" ind1=" " ind2=" ">
    <subfield code="a">A-511319</subfield>
  </datafield>
  <datafield tag="020" ind1=" " ind2=" ">
    <subfield code="a">818543400X</subfield>
  </datafield>
  <datafield tag="035" ind1=" " ind2=" ">
    <subfield code="a">A-511319</subfield>
  </datafield>
  <datafield tag="037" ind1=" " ind2=" ">
    <subfield code="b">BPPD/Pub.</subfield>
  </datafield>
  <datafield tag="082" ind1=" " ind2=" ">
    <subfield code="a">921</subfield>
  </datafield>
  <datafield tag="245" ind1=" " ind2=" ">
    <subfield code="a">&#x627;&#x645;&#x627;&#x645; &#x627;&#x644;&#x6C1;&#x646;&#x62F; &#x627;&#x628;&#x648;&#x644; &#x6A9;&#x644;&#x627;&#x645; &#x622;&#x632;&#x627;&#x62F; /</subfield>
    <subfield code="c">&#x645;&#x631;&#x62A;&#x628;&#x6C1; - &#x633;&#x6CC;&#x62F;&#x6C1; &#x633;&#x6CC;&#x62F;&#x6CC;&#x646; &#x62D;&#x645;&#x6CC;&#x62F;</subfield>
  </datafield>
  <datafield tag="246" ind1=" " ind2=" ">
    <subfield code="a">Imam-ul-Hind Abul Kalam Azad /</subfield>
    <subfield code="b">edited by Syeda Syedin Hamid</subfield>
  </datafield>
  <datafield tag="260" ind1=" " ind2=" ">
    <subfield code="a">New Delhi</subfield>
    <subfield code="b">Indian Council For Cultural Relations</subfield>
    <subfield code="c">1990 &#x621;</subfield>
  </datafield>
  <datafield tag="270" ind1=" " ind2=" ">
    <subfield code="a">-</subfield>
    <subfield code="b">-</subfield>
    <subfield code="e">-</subfield>
  </datafield>
  <datafield tag="300" ind1=" " ind2=" ">
    <subfield code="a">476p.</subfield>
    <subfield code="c">23cm(Hb)     </subfield>
  </datafield>
  <datafield tag="942" ind1=" " ind2=" ">
    <subfield code="2">ddc</subfield>
    <subfield code="c">UR</subfield>
    <subfield code="h">921</subfield>
    <subfield code="m">&#x627; &#x628; &#x648;</subfield>
  </datafield>
  <datafield tag="952" ind1=" " ind2=" ">
    <subfield code="0">0</subfield>
    <subfield code="1">0</subfield>
    <subfield code="4">0</subfield>
    <subfield code="7">0</subfield>
    <subfield code="8">NFIC</subfield>
    <subfield code="a">L</subfield>
    <subfield code="b">L</subfield>
    <subfield code="d">2020-01-31</subfield>
    <subfield code="e">BPPD/Ven.</subfield>
    <subfield code="l">1</subfield>
    <subfield code="m">1</subfield>
    <subfield code="o">921 &#x627; &#x628; &#x648;</subfield>
    <subfield code="p">A-511319</subfield>
    <subfield code="r">2022-09-17 00:00:00</subfield>
    <subfield code="s">2022-08-08</subfield>
    <subfield code="t">1</subfield>
    <subfield code="w">2020-01-31</subfield>
    <subfield code="y">UR</subfield>
  </datafield>
</record>
